| 000 | 00668nam a22002177a 4500 | ||
|---|---|---|---|
| 005 | 20251108164344.0 | ||
| 008 | 250721s9999 xx 000 0 ara d | ||
| 082 | 1 | 4 | _aط/ ق/لند |
| 100 | 1 | _aلندن، جاك (1876__1916) | |
| 245 | 1 | 0 | _aالذئب الأبيض / |
| 264 | 1 |
_aحلب : _bدار ربيع، _c[19-]. |
|
| 300 | _a192ص. | ||
| 490 | 0 |
_aروايات عالمية للناشئة _v1 |
|
| 650 | 1 | 7 | _aالأدب المترجم |
| 650 | 1 | 7 | _aالروايات |
| 653 | _aناشئون كبار (15-18 سنة) | ||
| 700 | 1 |
_aخشفه، محمد نديم _eTran. |
|
| 700 | 1 |
_aحاج حسين، ذكرى _eTran. |
|
| 942 |
_2ddc _cBK |
||
| 999 |
_c10112 _d10112 |
||